000 00497nam a2200181 a 4500
001 5134
003 CO-ViMGA
008 141112s2004 ck r 000 u spa d
040 _aCO-ViMGA
_bspa
_cCO-ViMGA
082 0 4 _a370.09 J171h
100 1 _aJaramillo Uribe, Jaime
245 1 0 _aHistoria de la pedagogĂ­a como historia de la cultura
250 _a3a
260 _aBogotá :
_bFondo Nacional Universitario,
_c1990
300 _a135 p
650 1 4 _aPEDAGOGIA - HISTORIA
_93422
942 _2ddc
_cBK
999 _c17135
_d17135